World economic outlook. April 2003 growth and institutions

Salvato in:
Dettagli Bibliografici
Natura: Libro
Lingua:inglese
Pubblicazione: Washington IMF 2003
Serie:World economic and financial surveys
Soggetti:
Tags: Aggiungi Tag
Nessun Tag, puoi essere il primo ad aggiungerne!!

MARC

LEADER 00000nam$a2200000$$$4500
001 0003282
005 20240315115806.6
020 |a 1-58906-212-4 
022 |a 0258-7440 
041 0 |a eng 
044 |a US 
245 1 0 |a World economic outlook. April 2003  |b growth and institutions 
264 1 |a Washington  |b IMF  |c 2003 
300 |a 251 s. 
490 1 |a World economic and financial surveys 
830 0 |a World economic and financial surveys 
610 2 0 |a situácia hospodárska 
610 2 0 |a politika hospodárska 
610 2 0 |a rast hospodársky 
610 2 0 |a reformy hospodárske 
610 2 0 |a trh práce 
610 2 0 |a svet 
610 2 0 |a porovnanie medzinárodné 
610 2 0 |a porovnanie štatistické medzinárodné